| 000 | 00419nam a22001217a 4500 | ||
|---|---|---|---|
| 082 | _a200 THE | ||
| 100 |
_aARSLAN SAFDAR _970426 |
||
| 245 | _aTH-SOF-1466-Leader-Following Sample Data Cooperative Output Regulation of Multi-Agent System with Switching Network Topologies | ||
| 260 |
_aIslamabad _bNUST College of EME _c2018 |
||
| 650 | _aMS-ELECT-83 MSTHESIS | ||
| 700 | _aSupervisor DR. MUWAHIDA LIAQUAT | ||
| 942 | _cCF | ||
| 999 |
_c577404 _d577404 |
||